000 00331cam a22001217a 4500
008 180718b1963 xxu||||| |||| 00| 0 eng d
082 _aN11 H363w
100 _aHeilbrunn, Otto
245 _aWarfare in the enemy's rear
_cby Otto Heilbrunn
260 _aLondon
_bAllen and Unwin
_c1963
300 _a231p.
650 _aGureilla Warfare
999 _c368071
_d368071